<?xml version="1.0" encoding="UTF-8"?><?xml-stylesheet type="text/xsl" href="static/style.xsl"?><OAI-PMH xmlns="http://www.openarchives.org/OAI/2.0/" xmlns:xsi="http://www.w3.org/2001/XMLSchema-instance" xsi:schemaLocation="http://www.openarchives.org/OAI/2.0/ http://www.openarchives.org/OAI/2.0/OAI-PMH.xsd"><responseDate>2026-06-03T11:44:31Z</responseDate><request verb="GetRecord" identifier="oai:riuma.uma.es:10630/11891" metadataPrefix="marc">https://riuma.uma.es/rest/oai/request</request><GetRecord><record><header><identifier>oai:riuma.uma.es:10630/11891</identifier><datestamp>2026-02-03T12:29:03Z</datestamp><setSpec>com_10630_2254</setSpec><setSpec>col_10630_37959</setSpec></header><metadata><record xmlns="http://www.loc.gov/MARC21/slim" xmlns:dcterms="http://purl.org/dc/terms/" xmlns:doc="http://www.lyncode.com/xoai" xmlns:xsi="http://www.w3.org/2001/XMLSchema-instance" xsi:schemaLocation="http://www.loc.gov/MARC21/slim http://www.loc.gov/standards/marcxml/schema/MARC21slim.xsd">
   <leader>00925njm 22002777a 4500</leader>
   <datafield ind2=" " ind1=" " tag="042">
      <subfield code="a">dc</subfield>
   </datafield>
   <datafield ind2=" " ind1=" " tag="720">
      <subfield code="a">Lorente-Molina, Belén</subfield>
      <subfield code="e">author</subfield>
   </datafield>
   <datafield ind2=" " ind1=" " tag="720">
      <subfield code="a">Zambrano Rodríguez, Carlos Vladimir</subfield>
      <subfield code="e">author</subfield>
   </datafield>
   <datafield ind2=" " ind1=" " tag="260">
      <subfield code="c">2016-07-25</subfield>
   </datafield>
   <datafield ind2=" " ind1=" " tag="520">
      <subfield code="a">Más que tiempos post-hegemónicos se viven tiempos de radicalización de la hegemonía; el mundo científico no es inmune a ella. Sus efectos en las ciencias sociales, de los que no escapa el Trabajo Social, aquí son tenidos en cuenta. El análisis de las prácticas curriculares conlleva la comprensión de tal marco hegemónico y como éste interviene en su orientación, con una perspectiva iberoamericana, a partir de la iniciativa “Laboratorio para el emprendimiento de la ayuda y la transformación social”, LeaTS, para la sistematización de las prácticas curriculares realizadas en el ámbito del Trabajo Social. Los resultados destacan la relación estructuración-sistematización de prácticas, tres estrategias convergentes de sistematización: el proceso RIAP, el Anaquel de las 5A, y el Dimepro; y, finalmente, se encuadran los horizontes marco de la sociedad del conocimiento en Iberoamérica para proyectar el nexo entre prácticas curriculares de cuidado y ayuda social y la construcción de sentido profesional, la interacción epistémica, la justicia social y las políticas públicas en Trabajo Social</subfield>
   </datafield>
   <datafield ind1="8" ind2=" " tag="024">
      <subfield code="a">http://hdl.handle.net/10630/11891</subfield>
   </datafield>
   <datafield tag="653" ind2=" " ind1=" ">
      <subfield code="a">Trabajo Social</subfield>
   </datafield>
   <datafield ind2="0" ind1="0" tag="245">
      <subfield code="a">Sistematización de la práctica del Trabajo Social en la Sociedad del Conocimiento</subfield>
   </datafield>
</record>
</metadata></record></GetRecord></OAI-PMH>